000 00721nam a22001937a 4500
003 BD-DhUL
005 20170503110942.0
008 170503b xxu||||| |||| 00| 0 eng d
040 _aBD-DhUL
_cBD-DhUL
082 _a891.444
_bILM
100 _aইলিয়াস, ফকির
245 0 _aমুক্তিযুদ্ধের মানচিত্র ও স্বাধীনতার উত্তরাধিকার /
_cফকির ইলিয়াস
260 _aঢাকা:
_bঅনিন্দ্য,
_c2017.
300 _a১৫৯ পৃ. ;
_b২২ সেমি.
366 _2BDT 300
650 0 _aবাংলা প্রবন্ধ
650 0 _aBangali literature
942 _2ddc
_cBK
999 _c194185
_d194185